El mundo fragmentado / (Registro nro. 2359)

Detalles MARC
000 -LEADER
fixed length control field 01009nam a2200289 a 4500
008 - CAMPO DE CONTROL (LIBRO)
fixed length control field 170301t1990 uy ||||f |||| 001 0 spa d
020 ## - INTERNATIONAL STANDARD BOOK NUMBER
ISBN 9974420016
041 ## - CODIGO DE IDIOMA
Código de idioma del texto/pista de sonido o título separado spa
092 ## - SIGNATURA TOPOGRAFICA DEWEY LOCAL
número de clasificación 171
libristica 10
sección CAS
100 1# - ENTRADA PRINCIPAL--NOMBRE PERSONAL
Nombre personal Castoriadis, Cornelius
9 (RLIN) 3156
245 #3 - TITULO PROPIAMENTE DICHO
Título El mundo fragmentado /
Mención de responsabilidad y remanente de la transcripción de la portada Cornelius Castoriadis
250 ## - MENCION DE EDICION
Mención de edición 1a ed.
Mención de responsabilidad relacionada con la ed. Revision tecnica Christian Ferrer y Carlos Torres
260 ## - PIE DE IMPRENTA
Lugar de publicación, distribución, etc Montevideo [URY]:
Nombre de la editorial, distribuidor, etc Nordan-Comunidad;
Fecha de publicación 1990.
300 ## - DESCRIPCION FISICA
Extension 187 p.
500 ## - NOTA GENERAL
Nota general Castoriadis, C. (1990). El mundo fragmentado. (1a ed.). Buenos Aires : Altamira.
590 ## - NOTAS LOCALES (RLIN)
Nota local Donacion Dora Vera, febrero 2017.
653 #3 - TÉRMINO INDIZADO - PALABRAS CLAVES
Palabra clave La epoca del conformismo generalizado
653 ## - TÉRMINO INDIZADO - PALABRAS CLAVES
Palabra clave Reflexiones sobre el racismo
653 ## - TÉRMINO INDIZADO - PALABRAS CLAVES
Palabra clave ¿Camino sin salida?
653 #4 - TÉRMINO INDIZADO - PALABRAS CLAVES
Palabra clave Los intelectuales y la historia
653 ## - TÉRMINO INDIZADO - PALABRAS CLAVES
Palabra clave Poder, politica, autonomia
653 ## - TÉRMINO INDIZADO - PALABRAS CLAVES
Palabra clave Psicoanalisis y politica
653 #3 - TÉRMINO INDIZADO - PALABRAS CLAVES
Palabra clave La revolucion ante los teologos
653 #4 - TÉRMINO INDIZADO - PALABRAS CLAVES
Palabra clave ¿El fin de la filosofia?
653 ## - TÉRMINO INDIZADO - PALABRAS CLAVES
Palabra clave Tiempo y creacion
942 ## - ADDED ENTRY ELEMENTS (KOHA)
Source of classification or shelving scheme Dewey Decimal Classification
Item type Libros
Existencias
Estado de retiro Existencia Fuente de clasificación Estado general No para prestamo Ubicación permanente ubicación actual Sala de ubicación Fecha de adquisición Fuente de adquisición Total Checkouts Número de clasificación Código de barras Date last seen Número de ejemplar Price effective from Koha tipo de elemento (item) Public note
    Dewey Decimal Classification     Biblioteca Medicina Biblioteca Medicina Circulación 01/03/2017 Donacion Dora Vera, febrero 2017.   171 10 CAS 3792 01/03/2017 Ej. 1 01/03/2017 Libros Donacion Dora Vera, febrero 2017.

UNIVERSIDAD NACIONAL DEL COMAHUE
Biblioteca de la Facultad de Ciencias Médicas
Sede Toschi: Los Arrayanes y Av. Toschi, Cipolletti  - Rio Negro
Sede Los Tordos:  Yrigoyen al 2211, Cipolletti - Rio Negro 

Teléfono: 0299 - 4774707 int 25
Contacto: biblioteca@facimed.uncoma.edu.ar
© 2011 - 2026